مكتبة جامعة عجلون الوطنية

فهرس بحث المكتبة

مهارات الهجوم والدفاع في كرة السلة بإستخدام الموديلات الإلكترونية (Record no. 34068)

MARC details
000 -LEADER
fixed length control field 00714nam a22001937a 4500
003 - CONTROL NUMBER IDENTIFIER
control field JO-AjAnu
005 - DATE AND TIME OF LATEST TRANSACTION
control field 20251013111535.0
008 - FIXED-LENGTH DATA ELEMENTS--GENERAL INFORMATION
fixed length control field 251012b jo ||||| |||| 00| 0 ara d
020 ## - INTERNATIONAL STANDARD BOOK NUMBER
International Standard Book Number 978-977-308-990-0
022 ## - INTERNATIONAL STANDARD SERIAL NUMBER
International Standard Serial Number 9640-2025
040 ## - CATALOGING SOURCE
Original cataloging agency ANU
Transcribing agency JO-AjAnu
041 ## - LANGUAGE CODE
Language code of original ARA
100 ## - MAIN ENTRY--PERSONAL NAME
Personal name علي، محمد كمال خليل
Relator term مؤلف
9 (RLIN) 66799
245 ## - TITLE STATEMENT
Title مهارات الهجوم والدفاع في كرة السلة بإستخدام الموديلات الإلكترونية
Statement of responsibility, etc. / محمد كمال خليل علي
260 ## - PUBLICATION, DISTRIBUTION, ETC.
Place of publication, distribution, etc. مصر :
Name of publisher, distributor, etc. دار العلم والإيمان،
Date of publication, distribution, etc. 2026
300 ## - PHYSICAL DESCRIPTION
Extent 283 صفحة
650 ## - SUBJECT ADDED ENTRY--TOPICAL TERM
Form subdivision كرة السلة-تطبيقات الحاسب الآلي
942 ## - ADDED ENTRY ELEMENTS (KOHA)
Source of classification or shelving scheme Library of Congress Classification
Koha item type Books
Suppress in OPAC No
Holdings
Withdrawn status Lost status Source of classification or shelving scheme Damaged status Not for loan Home library Current library Date acquired Total Checkouts Full call number Barcode Date last seen Price effective from Koha item type
    Library of Congress Classification     مكتبة جامعة عجلون الوطنية مكتبة جامعة عجلون الوطنية 12/10/2025   GV885.35.2026 A30457 12/10/2025 12/10/2025 Books